Mùa hè êm ả

Сохранить в:
Библиографические подробности
Главный автор: Thùy An
Формат:
Язык:Vietnamese
Опубликовано: Trẻ 1998
Предметы:
Метки: Добавить метку
Нет меток, Требуется 1-ая метка записи!
Thư viện lưu trữ: Mạng thư viện Đại học Đà Nẵng
LEADER 00945nam a2200313 a 4500
001 000003753
003 00417
005 20171229145311.0
008 171229s1998 vie
040 |a LSK 
041 0 |a VIE 
082 0 |a 895.9223  |b TH-A 
100 1 |a Thùy An 
245 0 0 |a Mùa hè êm ả 
260 |b Trẻ  |c 1998 
300 |a 177 pages  |c 17,5 cm. 
653 |a Văn học - Việt Nam - Truyện ngắn 
852 |a Phòng Đọc 
901 |a 1 
927 |a Sách tham khảo 
OWN |a LSK 
AVA |a UDN50  |b LSK  |d 895.9223 TH-A  |e available  |t Error 5001 Not defined in file expand_doc_bib_avail.  |f 1  |g 0  |h N  |i 0  |k 1 
999 |a From the UDN01 
AVA |a UDN50  |b LSK  |d 895.9223 TH-A  |e available  |t Error 5001 Not defined in file expand_doc_bib_avail.  |f 1  |g 0  |h N  |i 0  |k 1 
TYP |a Monograph 
TYP |a Printed language 
980 |a Mạng thư viện Đại học Đà Nẵng